Biblioteca y Centro de Documentación

Vista normal Vista MARC

Entrada Nombre corporativo

Número de registros utilizados en: 3

001 - NÚMERO DE CONTROL

  • Campo de control: 41266

003 - IDENTIFICADOR DE NÚMERO DE CONTROL

  • Campo de control: ES-MaCES

005 - FECHA Y HORA DE LA ULTIMA MODIFICACION

  • Campo de control: 20250116140258.0

008 - ELEMENTOS DE DATOS DE LONGITUD FIJA

  • Campo de longitud fija: 070222 | azznnaabn |n ana d

035 ## - NÚMERO DE CONTROL DEL SISTEMA

  • Número de control del sistema: CES20070000314e

040 ## - FUENTE DE LA CATALOGACIÓN

  • Agencia original de catalogación: ES-MaCES
  • Idioma de catalogación: spa
  • Agencia de transcripción: ES-MaCES

110 1# - ENCABEZAMIENTO--NOMBRE CORPORATIVO

  • Nombre corporativo o de jurisdicción como elemento de entrada: Unión Europea
  • Título de una obra: Reglamento de inteligencia artificial, 2024

410 14 - TRAZADO VEÁSE--NOMBRE CORPORATIVO

  • Nombre corporativo o de jurisdicción como elemento de entrada: Unión Europea
  • Título de una obra: Reglamento (UE) del Parlamento Europeo y del Consejo, de 13 de junio de 2024, por el que se establecen normas armonizadas en materia de inteligencia artificial y por el que se modifican los Reglamentos (CE) nº 300/2008, (UE) nº 167/2013, (UE) nº 168/2013, (UE) 2018/858, (UE) 2018/1139 y (UE) 2019/2144 y las Directivas 2014/90/UE, (UE) 2016/797 y (UE) 2020/1828, 2024

670 ## - FUENTE DE DATOS ENCONTRADOS

  • Fuente de citación: https://www.boe.es/DOUE-L-2024-81079
  • Información encontrada: DOUE núm. 1689, de 12 de julio de 2024, páginas 1 a 144 (144 págs.: Reglamento (UE) 2024/1689 del Parlamento Europeo y del Consejo, de 13 de junio de 2024, por el que se establecen normas armonizadas en materia de inteligencia artificial y por el que se modifican los Reglamentos (CE) nº 300/2008, (UE) nº 167/2013, (UE) nº 168/2013, (UE) 2018/858, (UE) 2018/1139 y (UE) 2019/2144 y las Directivas 2014/90/UE, (UE) 2016/797 y (UE) 2020/1828 (Reglamento de Inteligencia Artificial)

901 ## - CES. DATOS SIRTEX

  • ID Sirtex (N5N8): 0001800006750
  • 005BIS Sirtex: 200702221203ALORITE
© CES, Consejo Económico y Social de España 2021